01375cam a2200145 450050000500170000004100080001704200070002510000340003224501040006626000180017050000070018852008460019578600840104185601040112520251228065648.0 afre adc10aBachelart, Maximilieneauthor00aLa privatisation et la sécurisation de la protection de l’enfance : une fiction pas si fictive c2023.  a94 aCeci est une fiction… à cela près qu’elle pourrait paraître de plus en plus réelle à mesure que les mois passent.Cet échange nous plonge dans une prospective du pays à propos de la protection de l’enfance. Nous y trouvons les positionnements d’un gouvernement en prise avec la violence, l’incursion du principe de rentabilité économique et un chemin qui a pu paraître finalement évident aux yeux des professionnels. Comme on dit, le problème n’est pas forcément dans les difficultés les plus apparentes, mais souvent dans sa définition même. Face à tant de problèmes historiques accumulés, l’heure n’était plus aux constats que les spécialistes dressent perpétuellement, comme si le temps avait poussé les acteurs à ne plus avoir le choix que d’agir dans une seule direction.0 nVST - Vie sociale et traitements | 157 | 1 | 2023-02-21 | p. 99-105 | 0396-866941uhttps://shs.cairn.info/revue-vie-sociale-et-traitements-2023-1-page-99?lang=fr&redirect-ssocas=7080